000 00602nam a2200241 a 4500
001 nice12345678
003 IN_TiNIC
005 20260116013227.0
008 050524s1953 dela grp 000 0 eng
020 _a8120839
_c195
082 0 0 _a294.5
_bMOR
100 _aMorgan, Kenneth
245 _aReligion of the Hindus
260 _aDelhi
_bMotilal Banarsidass
_c1953
300 _a434p
500 _aincludes index and biblioraphy
505 2 _aBibliography, Glossary, Index
650 _aHinduism
700 1 _aMorgan, Kenneth
902 _bSRS
942 _cBK
999 _c10191
_d10191